Muhammad's people : (Record no. 549448)
[ view plain ]
| 000 -LEADER | |
|---|---|
| fixed length control field | 00708cam a22001934a 4500 |
| 020 ## - INTERNATIONAL STANDARD BOOK NUMBER | |
| International Standard Book Number | 0486425029 (pbk.) |
| 082 00 - DEWEY DECIMAL CLASSIFICATION NUMBER | |
| Classification number | 909.097671 |
| Author Mark | SCH |
| 100 1# - MAIN ENTRY--PERSONAL NAME | |
| Personal name | Schroeder, Eric, |
| 9 (RLIN) | 46106 |
| 245 10 - TITLE STATEMENT | |
| Title | Muhammad's people : |
| Remainder of title | an anthology of Muslim civilization / |
| Statement of responsibility, etc. | Eric Schroeder. |
| 250 ## - EDITION STATEMENT | |
| Edition statement | Dover ed. |
| 260 ## - PUBLICATION, DISTRIBUTION, ETC. | |
| Place of publication, distribution, etc. | Mineola, NY : |
| Name of publisher, distributor, etc. | Dover Publications, |
| Date of publication, distribution, etc. | 2002. |
| 300 ## - PHYSICAL DESCRIPTION | |
| Extent | xviii, 838 p. : |
| Other physical details | map ; |
| Dimensions | 21 cm. |
| 500 ## - GENERAL NOTE | |
| General note | Unabridged reprint of originally published: Portland, Me. : Bond Wheelwright, 1955. |
| 526 ## - STUDY PROGRAM INFORMATION NOTE | |
| Program name | 0 |
| Interest level | 0 |
| Reading level | 0 |
| Title point value | 909_097671000000000_SCH |
| 650 #0 - SUBJECT ADDED ENTRY--TOPICAL TERM | |
| Topical term or geographic name entry element | Islamic civilization. |
| 9 (RLIN) | 30864 |
| 650 #0 - SUBJECT ADDED ENTRY--TOPICAL TERM | |
| Topical term or geographic name entry element | MCE |
| 9 (RLIN) | 379 |
| 856 42 - ELECTRONIC LOCATION AND ACCESS | |
| Uniform Resource Identifier | <a href="http://www.loc.gov/catdir/description/dover032/2002073493.html">http://www.loc.gov/catdir/description/dover032/2002073493.html</a> |
| 942 ## - ADDED ENTRY ELEMENTS (KOHA) | |
| Source of classification or shelving scheme | |
| Koha item type | Book |
| Withdrawn status | Lost status | Source of classification or shelving scheme | Damaged status | Not for loan | Permanent Location | Current Location | Date acquired | Total Checkouts | Full call number | Barcode | Date last seen | Date last checked out | Price effective from | Koha item type |
|---|---|---|---|---|---|---|---|---|---|---|---|---|---|---|
| Military College of Engineering (MCE) | Military College of Engineering (MCE) | 09/25/2014 | 4 | 909.097671 SCH | MCE-46252 | 11/23/2020 | 11/09/2020 | 09/25/2014 | Book |
